| 000 -LEADER |
| fixed length control field |
01371cam a22003134a 4500 |
| 001 - CONTROL NUMBER |
| control field |
13913794 |
| 005 - DATE AND TIME OF LATEST TRANSACTION |
| control field |
20201224133101.0 |
| 008 - FIXED-LENGTH DATA ELEMENTS--GENERAL INFORMATION |
| fixed length control field |
050325s2006 njua b 001 0 eng |
| 020 ## - INTERNATIONAL STANDARD BOOK NUMBER |
| International Standard Book Number |
9780471678083 (cloth) |
| 041 ## - LANGUAGE CODE |
| Language code of text/sound track or separate title |
eng |
| 080 ## - UNIVERSAL DECIMAL CLASSIFICATION NUMBER |
| Universal Decimal Classification number |
577.1+61 D-34 |
| 245 00 - TITLE STATEMENT |
| Title |
Textbook of biochemistry : |
| Remainder of title |
with clinical correlations / |
| Statement of responsibility, etc. |
edited by Thomas M. Devlin. |
| 250 ## - EDITION STATEMENT |
| Edition statement |
6th ed. |
| 264 ## - PRODUCTION, PUBLICATION, DISTRIBUTION, MANUFACTURE, AND COPYRIGHT NOTICE |
| Place of production, publication, distribution, manufacture |
Hoboken, N.J. : |
| Name of producer, publisher, distributor, manufacturer |
Wiley-Liss, |
| Date of production, publication, distribution, manufacture, or copyright notice |
2006. |
| 300 ## - PHYSICAL DESCRIPTION |
| Extent |
1208 p. : |
| Other physical details |
ill. (some col.) ; |
| Dimensions |
29 cm. |
| 504 ## - BIBLIOGRAPHY, ETC. NOTE |
| Bibliography, etc. note |
Includes bibliographical references and index. |
| 650 #0 - SUBJECT ADDED ENTRY--TOPICAL TERM |
| Topical term or geographic name entry element |
Biochemistry. |
| 9 (RLIN) |
8809 |
| 650 #0 - SUBJECT ADDED ENTRY--TOPICAL TERM |
| Topical term or geographic name entry element |
Clinical biochemistry. |
| 9 (RLIN) |
8809 |
| 650 12 - SUBJECT ADDED ENTRY--TOPICAL TERM |
| Topical term or geographic name entry element |
Biochemistry. |
| 9 (RLIN) |
8809 |
| 653 ## - INDEX TERM--UNCONTROLLED |
| keyword |
ბიოქიმია |
| 653 ## - INDEX TERM--UNCONTROLLED |
| keyword |
კლინიკური ბიოქიმია |
| 653 ## - INDEX TERM--UNCONTROLLED |
| keyword |
კლინიკური კორელაციები |
| 700 1# - ADDED ENTRY--PERSONAL NAME |
| Personal name |
Devlin, Thomas M. |
| Relator term |
რედაქტორი |
| 9 (RLIN) |
9814 |
| 856 42 - ELECTRONIC LOCATION AND ACCESS |
| Materials specified |
Publisher description |
| Uniform Resource Identifier |
http://www.loc.gov/catdir/enhancements/fy0622/2005008549-d.html |
| 856 41 - ELECTRONIC LOCATION AND ACCESS |
| Materials specified |
Table of contents only |
| Uniform Resource Identifier |
http://www.loc.gov/catdir/enhancements/fy0622/2005008549-t.html |
| 856 42 - ELECTRONIC LOCATION AND ACCESS |
| Materials specified |
Contributor biographical information |
| Uniform Resource Identifier |
http://www.loc.gov/catdir/enhancements/fy0826/2005008549-b.html |
| 942 ## - ADDED ENTRY ELEMENTS (KOHA) |
| Source of classification or shelving scheme |
|
| Koha item type |
წიგნი |